000 00708nam a2200181 a 4500
008 060823s2005 ||||||||||||||||| || u
050 _aIBRD(08)PRWP/3709
100 _a[and others]
245 1 0 _aHow well do institutional theories explain firms' perceptions of property rights?
260 _aWashington, D. C
_bWorld Bank
_c2005
300 _a57p.;ill
350 _a0.00
490 _aWorld Bank policy research working papers
650 _aPROPERTY RIGHTS--RESEARCH
650 0 _aECONOMICS
700 _aAyyagari, Meghana
995 _D0.00
_FCBU-MAIN LIBRARY (Kitwe)
_H1
_I0.00
_M1
_UAVAILABLE
_WAug 23, 2006
_ZInternational Publications
999 _c45862
_d45862